| 000 | 00501nam a2200181Ia 4500 | ||
|---|---|---|---|
| 005 | 20250423101714.0 | ||
| 008 | 250422s9999 xx 000 0 und d | ||
| 020 | _a9780618133352 | ||
| 050 | _aPZ 7 .P37/ | ||
| 100 | _aPark, Linda Sue | ||
| 245 | 0 | _aWhen my name was Keoko | |
| 260 | _aNew york | ||
| 260 | _bHoughton mifflin | ||
| 260 | _c2002 | ||
| 300 | _a199 p | ||
| 650 | _aFamily life--Korea--Fiction. Military occupation--Fiction. Patriotism--Fiction. Courage--Fiction. | ||
| 942 | _cBK | ||
| 999 |
_c37034 _d37034 |
||